[Event "II Open Oro Caffe'"]
[Site "Udine ITA"]
[Date "2009.07.06"]
[Round "1"]
[White "Milazzo, Mario"]
[Black "Santacroce, Fidel"]
[Result "1-0"]
[WhiteElo "2068"]
[BlackElo "1583"]
[PlyCount "83"]
[EventDate "2009.07.06"]

1. c4 e5 2. Nc3 Nf6 3. g3 Bc5 4. Bg2 O-O 5. e3 Nc6 6. Nge2 d6 7. O-O a5 8. d3
Bg4 9. h3 Bf5 10. Kh2 Rb8 11. a3 h5 12. f4 Bd7 13. fxe5 dxe5 14. d4 Ba7 15. Nb5
Ra8 16. Nxa7 Rxa7 17. b3 Re8 18. Bb2 a4 19. b4 h4 20. d5 hxg3+ 21. Nxg3 Nb8 22.
Qf3 c6 23. e4 b5 24. c5 cxd5 25. exd5 Bc8 26. Rad1 e4 27. Qc3 e3 28. Rfe1 Ba6
29. Rxe3 Rxe3 30. Qxe3 Rd7 31. Qc3 Qe8 32. d6 Qd8 33. Ne4 Bb7 34. Nxf6+ Qxf6
35. Qxf6 gxf6 36. Bf1 Bc6 37. Bd3 Rb7 38. Rg1+ Kf8 39. Bxf6 Na6 40. Bh7 Ke8 41.
Rg8+ Kd7 42. Bf5# 1-0

[Event "II Open Oro Caffe'"]
[Site "Udine ITA"]
[Date "2009.07.06"]
[Round "1"]
[White "Muradore, Aldo"]
[Black "Redo, Stefano"]
[Result "1-0"]
[WhiteElo "1487"]
[BlackElo "1943"]
[PlyCount "47"]
[EventDate "2009.07.06"]

1. d4 Nf6 2. c4 c5 3. d5 b5 4. cxb5 a6 5. Nc3 g6 6. Nf3 Bg7 7. Qc2 axb5 8. e4
b4 9. Ne2 O-O 10. Ng3 e6 11. d6 Qa5 12. b3 Nxe4 13. Bb2 Nxd6 14. Bxg7 Kxg7 15.
Bd3 c4 16. Be4 cxb3 17. Qb2+ Kg8 18. O-O Nxe4 19. Nxe4 f5 20. Nf6+ Kg7 21. Nh5+
Kh6 22. Qg7+ Kxh5 23. Qxh7+ Kg4 24. Qh4# 1-0

[Event "II Open Oro Caffe'"]
[Site "Udine ITA"]
[Date "2009.07.06"]
[Round "1"]
[White "Muzzolini, Claudio"]
[Black "Pecchiari, Alberto"]
[Result "1-0"]
[WhiteElo "1810"]
[BlackElo "1425"]
[PlyCount "29"]
[EventDate "2009.07.06"]

1. e4 e5 2. Nf3 Nc6 3. Bc4 Bc5 4. c3 Nf6 5. d3 d6 6. Bg5 Be6 7. Bb5 O-O 8. d4
exd4 9. cxd4 Bb4+ 10. Nc3 Bd7 11. O-O h6 12. Bh4 Qe8 13. Bxf6 gxf6 14. Nd5 Qd8
15. Bxc6 1-0

[Event "II Open Oro Caffe'"]
[Site "Udine ITA"]
[Date "2009.07.06"]
[Round "1"]
[White "Naumkin, Igor"]
[Black "La Malfa, Stelio"]
[Result "1-0"]
[WhiteElo "2481"]
[BlackElo "1808"]
[PlyCount "55"]
[EventDate "2009.07.06"]

1. d4 d5 2. c4 e6 3. Nf3 Nf6 4. Nc3 Be7 5. Bg5 c6 6. e3 Nbd7 7. Rc1 O-O 8. Bd3
h6 9. Bh4 g5 10. Bg3 Qa5 11. O-O dxc4 12. Bxc4 Nb6 13. Bb3 Nbd5 14. Ne5 Bd7 15.
Nxd5 exd5 16. f4 Qd8 17. fxg5 hxg5 18. Bc2 Ne4 19. Qh5 Be6 20. Bxe4 dxe4 21.
Ng6 Kg7 22. Nxf8 Qxf8 23. Be5+ f6 24. Qxg5+ Kh7 25. Bxf6 Bxf6 26. Rxf6 Qg7 27.
Qh5+ Kg8 28. Rxe6 1-0

[Event "II Open Oro Caffe'"]
[Site "Udine ITA"]
[Date "2009.07.06"]
[Round "1"]
[White "Orsatti, Marcello"]
[Black "Licandro, Michele"]
[Result "1-0"]
[WhiteElo "1973"]
[BlackElo "1523"]
[PlyCount "89"]
[EventDate "2009.07.06"]

1. c4 c5 2. Nc3 Nf6 3. g3 Nc6 4. Bg2 g6 5. d3 d6 6. e4 Bg7 7. Nge2 Bg4 8. f3
Bd7 9. Be3 O-O 10. Qd2 Qc8 11. h4 Nb4 12. a3 Nc6 13. Bh6 Ne8 14. h5 Ne5 15.
Bxg7 Kxg7 16. hxg6 fxg6 17. Qh6+ Kf7 18. Qxh7+ Ng7 19. Kd2 Rh8 20. Qxh8 Qxh8
21. Rxh8 Rxh8 22. Rh1 Rb8 23. f4 Nc6 24. Bh3 e6 25. Bg4 a6 26. Nd5 b5 27. cxb5
Rxb5 28. Kc2 Rb7 29. Ne3 Na5 30. Nc3 Nb3 31. Nc4 Nd4+ 32. Kb1 Ne8 33. Ne2 Nc6
34. Bf3 e5 35. Rf1 Kg7 36. Kc2 Be6 37. f5 Bg8 38. Kc3 Rd7 39. g4 g5 40. Bg2 Kf6
41. Ng3 Bf7 42. Rh1 Nd8 43. Nh5+ Bxh5 44. Rxh5 Rg7 45. Nb6 {...} 1-0

[Event "II Open Oro Caffe'"]
[Site "Udine ITA"]
[Date "2009.07.06"]
[Round "1"]
[White "Pillon, Giovanni Pietro"]
[Black "Brunello, Roberta"]
[Result "0-1"]
[WhiteElo "1500"]
[BlackElo "1956"]
[PlyCount "101"]
[EventDate "2009.07.06"]

1. d4 d5 2. c4 e6 3. Nf3 Nf6 4. Bg5 Be7 5. e3 Nbd7 6. Nc3 O-O 7. cxd5 exd5 8.
Bd3 Re8 9. O-O c6 10. Qc2 Nf8 11. Ne5 Ng4 12. Bxe7 Qxe7 13. Nxg4 Bxg4 14. Rae1
Rad8 15. h3 Bc8 16. Ne2 Rd6 17. Ng3 g6 18. b4 a6 19. Qc3 Ne6 20. Be2 h5 21.
Bxh5 gxh5 22. Nf5 Qc7 23. Nxd6 Qxd6 24. e4 dxe4 25. Rxe4 Rd8 26. Rfe1 Ng7 27.
Qg3 Qxg3 28. fxg3 Be6 29. a3 Nf5 30. Kf2 Rxd4 31. Rxd4 Nxd4 32. Rd1 Nb5 33.
Rd8+ Kg7 34. Rb8 Nxa3 35. Rxb7 Bc4 36. Ke3 Bb5 37. Kd4 Nc2+ 38. Kc5 Ne3 39. Rb8
Kg6 40. Rg8+ Kf6 41. Rh8 Kg6 42. Rg8+ Kh6 43. Rf8 Kg7 44. Rb8 Nxg2 45. Rxb5
cxb5 46. Kb6 h4 47. g4 Nf4 48. Kxa6 Nxh3 49. Kxb5 Ng5 50. Kc5 h3 51. b5 0-1

[Event "II Open Oro Caffe'"]
[Site "Udine ITA"]
[Date "2009.07.06"]
[Round "1"]
[White "Tiengo, Davide"]
[Black "Maestri, Roberto"]
[Result "1-0"]
[WhiteElo "2118"]
[BlackElo "1651"]
[PlyCount "81"]
[EventDate "2009.07.06"]

1. d4 Nf6 2. Nf3 g6 3. g3 Bg7 4. c4 O-O 5. Bg2 d6 6. O-O Bf5 7. Nc3 Nc6 8. d5
Nb4 9. Nd4 Qd7 10. Nxf5 Qxf5 11. e4 Qd7 12. a3 Na6 13. Be3 Ng4 14. Bd4 Bxd4 15.
Qxd4 Nc5 16. Rae1 Ne5 17. f4 Nb3 18. Qd1 Nxc4 19. Qxb3 Nd2 20. Qa4 Qxa4 21.
Nxa4 Nxf1 22. Rxf1 Rfc8 23. Bh3 Rf8 24. Rc1 b5 25. Nc3 a6 26. Ne2 Ra7 27. Nd4
Kg7 28. Nc6 Rb7 29. Kf2 f5 30. exf5 gxf5 31. Nxe7 b4 32. Nxf5+ Kg6 33. Nd4 bxa3
34. bxa3 Rb2+ 35. Kf3 Rf7 36. Be6 Re7 37. h3 Rd2 38. Nf5 Rxe6 39. dxe6 Rd3+ 40.
Kg4 Rd5 41. Ne7+ 1-0

[Event "II Open Oro Caffe'"]
[Site "Udine ITA"]
[Date "2009.07.06"]
[Round "1"]
[White "Tonon, Alessandro"]
[Black "Bisaro, Andrea"]
[Result "1-0"]
[WhiteElo "2248"]
[BlackElo "1702"]
[PlyCount "76"]
[EventDate "2009.07.06"]

1. d4 Nf6 2. c4 c5 3. Nf3 cxd4 4. Nxd4 Nc6 5. Nc3 g6 6. g3 Bg7 7. Bg2 Qb6 8.
Nc2 O-O 9. O-O d6 10. b3 Bd7 11. h3 Nh5 12. Nd5 Qc5 13. Be3 Qa5 14. Bd2 Qc5 15.
Rc1 e6 16. Nf4 Nxf4 17. Bxf4 e5 18. Be3 Nd4 19. Qd2 Rae8 20. Rfd1 Qc8 21. Kh2
Re6 22. Nxd4 exd4 23. Bxd4 Bxd4 24. Qxd4 Rxe2 25. Rd2 Ree8 26. Qxd6 Bc6 27.
Bxc6 bxc6 28. Rcc2 Re1 29. Qd7 Qa8 30. Rd1 Ree8 31. Qd6 Qc8 32. Qd3 Qe6 33. Kg2
h5 34. h4 Qg4 35. Qf3 Qe6 36. Rcd2 Qc8 37. Rd6 Re2 38. Rxc6 Qb7 1-0

[Event "II Open Oro Caffe'"]
[Site "Udine ITA"]
[Date "2009.07.06"]
[Round "1"]
[White "Trento, Giacomo"]
[Black "Picco, Ruggero"]
[Result "0-1"]
[WhiteElo "1588"]
[BlackElo "2082"]
[PlyCount "96"]
[EventDate "2009.07.06"]

1. e4 e5 2. f4 d5 3. exd5 e4 4. Nc3 Nf6 5. Bc4 Bc5 6. Na4 Bd6 7. Ne2 Bg4 8. O-O
O-O 9. Qe1 a6 10. Nac3 b5 11. Bb3 Bxe2 12. Qxe2 Re8 13. a4 b4 14. Nd1 Nbd7 15.
c4 Nc5 16. Bc2 c6 17. Ne3 Qc7 18. g3 Rad8 19. b3 cxd5 20. cxd5 Bf8 21. Qc4 Qb7
22. d6 Bxd6 23. Nf5 Bf8 24. Nd4 Nd3 25. Bxd3 exd3 26. Bb2 Qa7 27. Rac1 Re4 28.
Qc7 Qxc7 29. Rxc7 Rexd4 30. Bxd4 Rxd4 31. Rc8 Ne4 32. Re1 g6 33. Rd1 Nc5 34.
Re1 Kg7 35. Ree8 Bd6 36. Kf2 Nxb3 37. Ke3 f5 38. Rc6 Rd5 39. g4 Bc5+ 40. Kf3
Nxd2+ 41. Kg3 Ne4+ 42. Kh4 Bf2+ 43. Kh3 fxg4+ 44. Kg2 d2 45. Re7+ Kh6 46. Rcc7
Nf6 47. Kxf2 d1=Q 48. Re3 Ne4+ 0-1

[Event "II Open Oro Caffe'"]
[Site "Udine ITA"]
[Date "2009.07.06"]
[Round "1"]
[White "Venuti, Federico"]
[Black "Damia, Angelo"]
[Result "0-1"]
[WhiteElo "1718"]
[BlackElo "2291"]
[PlyCount "91"]
[EventDate "2009.07.06"]

1. d4 d5 2. Nf3 Nf6 3. e3 e6 4. Bd3 c5 5. c3 Nc6 6. Nbd2 Bd6 7. O-O Bd7 8. Re1
Qc7 9. dxc5 Bxc5 10. h3 Ne5 11. Nxe5 Qxe5 12. Nf3 Qc7 13. Bc2 a6 14. e4 dxe4
15. Bxe4 Nxe4 16. Rxe4 Bc6 17. Re1 Rd8 18. Qe2 Qg3 19. Be3 Bxf3 20. Qxf3 Qxf3
21. gxf3 Bxe3 22. fxe3 Rd2 23. Rab1 Ke7 24. Red1 Rhd8 25. Rxd2 Rxd2 26. a3 Re2
27. e4 Kf6 28. Kf1 Rh2 29. Kg1 Rd2 30. c4 Ke5 31. b4 Kf4 32. b5 Kxf3 33. bxa6
bxa6 34. Rc1 Rd7 35. c5 Ke3 36. c6 Rc7 37. e5 Ke4 38. Kf2 Kxe5 39. Kf3 Kd6 40.
Ke4 Rxc6 41. Rd1+ Ke7 42. Rd3 f5+ 43. Kf4 Kf6 44. Rb3 a5 45. h4 g6 46. Rb7 0-1

[Event "II Open Oro Caffe'"]
[Site "Udine ITA"]
[Date "2009.07.06"]
[Round "1"]
[White "Zavagno, Matteo"]
[Black "Zuttioni, Federico"]
[Result "0-1"]
[WhiteElo "1443"]
[BlackElo "1884"]
[PlyCount "21"]
[EventDate "2009.07.06"]

1. e4 e5 2. Nf3 Nc6 3. Bc4 Nf6 4. O-O Bc5 5. Nc3 O-O 6. d3 d6 7. Bg5 Nd4 8.
Nxd4 Bxd4 9. Nd5 c6 10. Nxf6+ gxf6 11. Bh6 {...} 0-1

[Event "II Open Oro Caffe'"]
[Site "Udine ITA"]
[Date "2009.07.07"]
[Round "2"]
[White "Brunello, Roberta"]
[Black "Naumkin, Igor"]
[Result "0-1"]
[WhiteElo "1956"]
[BlackElo "2481"]
[PlyCount "60"]
[EventDate "2009.07.06"]

1. e4 e6 2. d4 d5 3. Nd2 Nc6 4. Ngf3 Nf6 5. e5 Nd7 6. Be2 f6 7. exf6 Qxf6 8.
Nb3 Bd6 9. O-O h6 10. c4 dxc4 11. Bxc4 O-O 12. Qe2 Nb6 13. Bd3 e5 14. dxe5 Nxe5
15. Nxe5 Bxe5 16. f4 Bd6 17. Be3 Bf5 18. Bd4 Qg6 19. Bxf5 Rxf5 20. g3 Rxf4 21.
Rxf4 Bxf4 22. Qf3 Rf8 23. Qxb7 c6 24. Rf1 Nd5 25. Qxa7 Kh7 26. Qa6 Re8 27. Nc5
Ne3 28. Rxf4 Qb1+ 29. Kf2 Qc2+ 30. Qe2 Nd1+ 0-1

[Event "II Open Oro Caffe'"]
[Site "Udine ITA"]
[Date "2009.07.07"]
[Round "2"]
[White "Cisilino, Oscar"]
[Black "Castellano, Alfonso"]
[Result "0-1"]
[WhiteElo "1670"]
[BlackElo "1952"]
[PlyCount "65"]
[EventDate "2009.07.06"]

1. c4 Nf6 2. Nc3 c6 3. e4 d6 4. Nf3 g6 5. g3 Bg7 6. Bg2 O-O 7. O-O e5 8. d3 Na6
9. a3 Nc7 10. b4 Qe7 11. Bg5 Ne6 12. Bd2 Nc7 13. Rb1 b5 14. cxb5 cxb5 15. Bg5
h6 16. Bd2 Bb7 17. Nh4 a6 18. f4 exf4 19. Bxf4 Ne6 20. Bd2 Nd4 21. Nf3 Ng4 22.
h3 Nxf3+ 23. Qxf3 Ne5 24. Qe3 Rac8 25. Rbc1 Qd7 26. Ne2 d5 27. Kh2 dxe4 28.
Bxe4 Bxe4 29. Qxe4 Nxd3 30. Rcd1 Nb2 31. Qf4 Nxd1 32. Rxd1 Qd3 33. Qe3 0-1

[Event "II Open Oro Caffe'"]
[Site "Udine ITA"]
[Date "2009.07.07"]
[Round "2"]
[White "Damia, Angelo"]
[Black "Orsatti, Marcello"]
[Result "1-0"]
[WhiteElo "2291"]
[BlackElo "1973"]
[PlyCount "61"]
[EventDate "2009.07.06"]

1. e4 c5 2. a3 Nc6 3. b4 e5 4. b5 Nd4 5. c3 Ne6 6. Bc4 Nf6 7. Bxe6 dxe6 8. Qe2
b6 9. d3 Bb7 10. c4 Qd6 11. Ra2 Rd8 12. Rd2 Be7 13. Bb2 O-O 14. Nf3 Nd7 15. O-O
f5 16. exf5 Rxf5 17. Ne1 Bg5 18. Rd1 Nf6 19. Nc3 h5 20. Nc2 Bf4 21. g3 Rg5 22.
Ne4 Nxe4 23. dxe4 Qe7 24. Kh1 Rxd1 25. Rxd1 Bxg3 26. fxg3 Rg4 27. Kg1 Qg5 28.
Rd7 Bxe4 29. Ne3 Rf4 30. Bxe5 Rf3 31. Rxg7+ 1-0

[Event "II Open Oro Caffe'"]
[Site "Udine ITA"]
[Date "2009.07.07"]
[Round "2"]
[White "Del Forno Sinicco, Michele"]
[Black "Capizzi, Biagio"]
[Result "0-1"]
[WhiteElo "1535"]
[BlackElo "1849"]
[PlyCount "78"]
[EventDate "2009.07.06"]

1. Nf3 d5 2. d4 Nf6 3. Bf4 e6 4. e3 Be7 5. c4 c6 6. Nc3 O-O 7. c5 Nbd7 8. b4
Ne4 9. Nxe4 dxe4 10. Ne5 Nf6 11. Be2 Nd5 12. Qb3 a5 13. b5 a4 14. Qc2 Qa5+ 15.
Qd2 cxb5 16. Qxa5 Rxa5 17. c6 f6 18. Nd7 Bxd7 19. cxd7 Rd8 20. O-O Rxd7 21.
Rfc1 Kf7 22. Bg3 b4 23. f3 exf3 24. Bxf3 Nxe3 25. Rc7 Rxc7 26. Bxc7 Rb5 27. Be2
Rd5 28. Bb6 Rd6 29. Bc5 Rd5 30. Bf3 Rd7 31. Bb6 Nd5 32. Ba7 Bd6 33. Bxd5 exd5
34. Rc1 b5 35. Bc5 Rc7 36. Kf2 Bxc5 37. dxc5 Ke6 38. Ke3 Ke5 39. Kd3 d4 0-1

[Event "II Open Oro Caffe'"]
[Site "Udine ITA"]
[Date "2009.07.07"]
[Round "2"]
[White "La Malfa, Stelio"]
[Black "Bozza, Stefano"]
[Result "1-0"]
[WhiteElo "1808"]
[BlackElo "1560"]
[PlyCount "111"]
[EventDate "2009.07.06"]

1. e4 e5 2. Nf3 Nc6 3. d4 exd4 4. Bc4 Nf6 5. O-O Bc5 6. e5 d5 7. Bb5 Ne4 8.
Nxd4 Bxd4 9. Qxd4 O-O 10. Bxc6 bxc6 11. c4 Bb7 12. b4 Ng5 13. Qg4 Ne6 14. f4 f5
15. Qe2 Ba6 16. b5 cxb5 17. cxb5 Nd4 18. Qd3 Nxb5 19. a4 c6 20. axb5 Bxb5 21.
Qd4 Bxf1 22. Kxf1 Qb6 23. Bb2 Rab8 24. Bc3 Qxd4 25. Bxd4 Rb4 26. Bc5 Rxf4+ 27.
Kg1 Rf7 28. e6 Rb7 29. Nd2 Rg4 30. e7 Kf7 31. Nf3 Ke8 32. Ne5 Re4 33. Nf3 h6
34. Nd4 g6 35. h3 Rxd4 36. Bxd4 Rxe7 37. Bxa7 Kf7 38. Bc5 Re6 39. Kf2 g5 40.
Ra7+ Kg6 41. Kf3 Rf6 42. Bd4 Rf7 43. Ra6 Rc7 44. g4 fxg4+ 45. hxg4 Rf7+ 46. Kg3
Rf5 47. Rxc6+ Kh7 48. Rc7+ Kg8 49. Bg7 Rf7 50. Rxf7 Kxf7 51. Bxh6 Kg6 52. Bf8
Kf7 53. Bc5 Ke6 54. Bd4 Kf7 55. Kf3 Ke6 56. Ke3 1-0

[Event "II Open Oro Caffe'"]
[Site "Udine ITA"]
[Date "2009.07.07"]
[Round "2"]
[White "Laco, Giuseppe"]
[Black "Muradore, Aldo"]
[Result "1-0"]
[WhiteElo "2135"]
[BlackElo "1487"]
[PlyCount "55"]
[EventDate "2009.07.06"]

1. f4 f5 2. g3 Nf6 3. Bg2 Nc6 4. c4 e6 5. a3 a5 6. b3 Bc5 7. Nf3 O-O 8. d4 Ba7
9. e3 Ne4 10. Qc2 b6 11. Bb2 d5 12. cxd5 exd5 13. Qxc6 Rb8 14. Nc3 Ba6 15.
Qxd5+ Kh8 16. Qxd8 Rbxd8 17. Nxe4 fxe4 18. Ne5 Bb7 19. Rc1 c5 20. O-O Rfe8 21.
Nf7+ Kg8 22. Nxd8 Rxd8 23. Rfd1 Bd5 24. dxc5 bxc5 25. Bxe4 Re8 26. Bxd5+ Kf8
27. Kf2 c4 28. Bd4 1-0

[Event "II Open Oro Caffe'"]
[Site "Udine ITA"]
[Date "2009.07.07"]
[Round "2"]
[White "Licandro, Michele"]
[Black "Clarini, Ivo"]
[Result "0-1"]
[WhiteElo "1523"]
[BlackElo "1829"]
[PlyCount "90"]
[EventDate "2009.07.06"]

1. d4 e6 2. Bf4 f5 3. Nf3 Nf6 4. e3 b6 5. Nbd2 Bb7 6. Bd3 Be7 7. Qe2 Nc6 8. a3
O-O 9. Ba6 Qc8 10. Bxb7 Qxb7 11. h3 Nd5 12. Ne5 Nxf4 13. exf4 Nxd4 14. Qd3 c5
15. Ndf3 Nxf3+ 16. gxf3 d6 17. Nc4 Qc6 18. O-O-O b5 19. Na5 Qb6 20. Qc3 Bf6 21.
Qe3 d5 22. Nb3 d4 23. Qd2 a5 24. Qe1 Rfe8 25. h4 c4 26. Nd2 Qd6 27. h5 c3 28.
bxc3 dxc3 29. Nb1 Qxf4+ 30. Qe3 Qc4 31. h6 Qa2 32. Nxc3 Qxa3+ 33. Kd2 Bxc3+ 34.
Ke2 Qb2 35. Qc1 Qxc1 36. Rxc1 g6 37. Rcd1 Rad8 38. Rd3 Rxd3 39. cxd3 a4 40. Kd1
a3 41. Kc2 b4 42. Kb3 Rd8 43. Rd1 Rd4 44. Ka2 Kf7 45. Kb3 Rf4 0-1

[Event "II Open Oro Caffe'"]
[Site "Udine ITA"]
[Date "2009.07.07"]
[Round "2"]
[White "Lippi, Agostino"]
[Black "Trento, Giacomo"]
[Result "0-1"]
[WhiteElo "1550"]
[BlackElo "1588"]
[PlyCount "92"]
[EventDate "2009.07.06"]

1. d4 d5 2. Bf4 c5 3. c3 Nf6 4. Nf3 Nc6 5. e3 c4 6. Nbd2 Bf5 7. Be2 h6 8. Ne5
Qa5 9. O-O g5 10. Nxc6 bxc6 11. Be5 Rg8 12. Bxf6 exf6 13. e4 Bg6 14. exd5 cxd5
15. Re1 O-O-O 16. b4 Qa3 17. Qc1 Qxc1 18. Raxc1 f5 19. Nf3 f6 20. Bd1 Kd7 21.
Ba4+ Kd6 22. Re2 Rg7 23. Rce1 Re7 24. Rxe7 Bxe7 25. Bb5 Bf8 26. a4 Ra8 27. a5
a6 28. Ba4 Ra7 29. Be8 Bh7 30. h3 Re7 31. Rxe7 Bxe7 32. b5 axb5 33. a6 Kc7 34.
Bxb5 Kb6 35. Bd7 Kxa6 36. Be6 Kb5 37. Bxd5 Ba3 38. Nd2 Bb2 39. Bxc4+ Kc6 40.
d5+ Kc5 41. Nb3+ Kxc4 42. d6 Ba3 43. d7 Be7 44. Nd4 Kd5 45. Nb5 Kc6 46. c4 Kxd7
0-1

[Event "II Open Oro Caffe'"]
[Site "Udine ITA"]
[Date "2009.07.07"]
[Round "2"]
[White "Maestri, Roberto"]
[Black "Zavagno, Matteo"]
[Result "0-1"]
[WhiteElo "1651"]
[BlackElo "1443"]
[PlyCount "44"]
[EventDate "2009.07.06"]

1. e4 e5 2. d4 exd4 3. c3 d5 4. exd5 Qxd5 5. Nf3 Nc6 6. cxd4 Bg4 7. Nc3 Bb4 8.
Be2 Nge7 9. O-O Qd7 10. Be3 Be6 11. Bb5 Bxc3 12. bxc3 O-O 13. c4 Bf5 14. Ne5
Qd6 15. c5 Qe6 16. Bc4 Nd5 17. Nxc6 Qxc6 18. Qb3 Be4 19. Rab1 Rab8 20. Bb5 Qg6
21. f3 Nxe3 22. fxe4 Qxg2# 0-1

[Event "II Open Oro Caffe'"]
[Site "Udine ITA"]
[Date "2009.07.07"]
[Round "2"]
[White "Menon, Michele"]
[Black "Gaspardo, Francesco"]
[Result "0-1"]
[WhiteElo "1741"]
[BlackElo "1978"]
[PlyCount "76"]
[EventDate "2009.07.06"]

1. Nf3 Nf6 2. d4 g6 3. Nbd2 Bg7 4. e4 d6 5. Bd3 O-O 6. O-O Nbd7 7. c3 e5 8. Re1
c6 9. Nc4 Qc7 10. h3 b5 11. Ne3 Bb7 12. Nf1 a6 13. b3 Rfe8 14. Ng3 d5 15. Bb2
Nxe4 16. Bxe4 dxe4 17. Nxe4 Rad8 18. Rc1 f5 19. Ned2 e4 20. Nh2 c5 21. Nhf1 Qb6
22. Qc2 cxd4 23. cxd4 Rc8 24. Qb1 Bxd4 25. Bxd4 Qxd4 26. b4 Ne5 27. Rxc8 Rxc8
28. Nb3 Qxb4 29. Ne3 Nd3 30. Rd1 Qe7 31. Na5 Ba8 32. a4 b4 33. Nac4 Qc5 34. Nb2
Nxf2 35. Qa2+ Kg7 36. Rd7+ Kh6 37. Nbc4 Nd3 38. Qd2 f4 0-1

[Event "II Open Oro Caffe'"]
[Site "Udine ITA"]
[Date "2009.07.07"]
[Round "2"]
[White "Okhotnik, Vladimir"]
[Black "Fantini, Marco"]
[Result "1-0"]
[WhiteElo "2449"]
[BlackElo "2012"]
[PlyCount "87"]
[EventDate "2009.07.06"]

1. e4 e6 2. d4 d5 3. exd5 exd5 4. c4 Nc6 5. cxd5 Qxd5 6. Nf3 Bg4 7. Be2 O-O-O
8. Nc3 Qa5 9. Be3 Nf6 10. O-O Bd6 11. h3 Bh5 12. Rc1 Rhg8 13. Nb5 Nd5 14. Nxd6+
Rxd6 15. Qc2 Bg6 16. Qb3 Qb4 17. Qxb4 Ndxb4 18. a3 Nd5 19. Bb5 f6 20. Rc5 Nxe3
21. fxe3 Ne7 22. Re1 Rgd8 23. e4 Nc6 24. Bxc6 Rxc6 25. Rxc6 bxc6 26. Kf2 c5 27.
dxc5 Rd3 28. Re3 Rd1 29. b4 Kb7 30. Ke2 Rb1 31. Nd4 Rb2+ 32. Kf3 Bh5+ 33. g4
Bf7 34. h4 Bc4 35. g5 Rb1 36. Nf5 g6 37. Ng7 fxg5 38. hxg5 Rf1+ 39. Kg4 Rf7 40.
Ne8 Be6+ 41. Kg3 h6 42. gxh6 Rh7 43. Ng7 Bc8 44. e5 1-0

[Event "II Open Oro Caffe'"]
[Site "Udine ITA"]
[Date "2009.07.07"]
[Round "2"]
[White "Pagnutti, Lorenzo"]
[Black "Gabassi, Francesco"]
[Result "1-0"]
[WhiteElo "2104"]
[BlackElo "1888"]
[PlyCount "38"]
[EventDate "2009.07.06"]

1. e4 c5 2. c3 g6 3. d4 Bg7 4. Nf3 Na6 5. Be3 Nf6 6. Nbd2 d5 7. dxc5 O-O 8. e5
Nd7 9. Bxa6 bxa6 10. Bd4 e6 11. b4 Qc7 12. Qe2 a5 13. O-O axb4 14. cxb4 a5 15.
a3 Bb7 16. b5 Nb8 17. a4 Qe7 18. Rfc1 Rc8 19. Rc2 Ra7 1-0

[Event "II Open Oro Caffe'"]
[Site "Udine ITA"]
[Date "2009.07.07"]
[Round "2"]
[White "Piasentin, Oscar"]
[Black "Venuti, Federico"]
[Result "0-1"]
[WhiteElo "1455"]
[BlackElo "1718"]
[PlyCount "60"]
[EventDate "2009.07.06"]

1. e4 e6 2. d4 d5 3. Nc3 dxe4 4. Nxe4 Be7 5. Be3 Nf6 6. Nxf6+ Bxf6 7. Nf3 Nd7
8. Bd3 b6 9. Be4 Rb8 10. O-O O-O 11. Qd2 Bb7 12. Bxb7 Rxb7 13. c4 Qc8 14. Rac1
Rd8 15. Bg5 c5 16. Bxf6 Nxf6 17. Rfd1 cxd4 18. Qf4 Rbd7 19. Ne5 Rd6 20. b4 d3
21. c5 Rd4 22. Qg3 d2 23. Rc2 Re4 24. Nf3 Rxb4 25. Rcxd2 Rxd2 26. Nxd2 bxc5 27.
Qf3 Rd4 28. Nc4 Rxc4 29. Qb7 Qe8 30. Qb5 Rd4 0-1

[Event "II Open Oro Caffe'"]
[Site "Udine ITA"]
[Date "2009.07.07"]
[Round "2"]
[White "Picco, Ruggero"]
[Black "Capaliku, Aleks"]
[Result "0-1"]
[WhiteElo "2082"]
[BlackElo "2093"]
[PlyCount "86"]
[EventDate "2009.07.06"]

1. e4 c5 2. Na3 a6 3. c3 e6 4. Nc2 d6 5. f4 Nf6 6. d3 Nc6 7. Nf3 Qc7 8. Be3 Be7
9. Be2 c4 10. O-O cxd3 11. Qxd3 Ng4 12. Rae1 Nxe3 13. Nxe3 b5 14. f5 O-O 15.
Ng4 f6 16. Bd1 Ne5 17. Nfxe5 dxe5 18. Bb3 Kh8 19. fxe6 Bxe6 20. Bxe6 Qb6+ 21.
Ne3 Qxe6 22. Nd5 Bc5+ 23. Kh1 Rad8 24. Rd1 Qg4 25. Rf5 g6 26. h3 Qh4 27. Rff1
f5 28. exf5 e4 29. Qe2 Rxf5 30. Ne3 Rxd1 31. Rxd1 Rf2 32. Qg4 Qxg4 33. Nxg4 Rf5
34. Nh6 Rf2 35. Ng4 Rf5 36. Nh6 Rf6 37. Ng4 Re6 38. Rd5 e3 39. Re5 Rxe5 40.
Nxe5 e2 41. Nd3 Bf2 42. g4 e1=Q+ 43. Nxe1 Bxe1 0-1

[Event "II Open Oro Caffe'"]
[Site "Udine ITA"]
[Date "2009.07.07"]
[Round "2"]
[White "Santacroce, Fidel"]
[Black "Redo, Stefano"]
[Result "0-1"]
[WhiteElo "1583"]
[BlackElo "1943"]
[PlyCount "144"]
[EventDate "2009.07.06"]

1. e4 c5 2. Nf3 e6 3. c3 d5 4. exd5 exd5 5. d4 Nf6 6. Bf4 Bd6 7. Bb5+ Nc6 8.
Bg5 O-O 9. O-O h6 10. Bxf6 Qxf6 11. dxc5 Bxc5 12. Qxd5 Bb6 13. Bxc6 bxc6 14.
Qe5 Qg6 15. Nd4 c5 16. Qd5 Ba6 17. Nc6 Rae8 18. Ne5 Rxe5 19. Qxe5 Bxf1 20. Kxf1
Qc2 21. Qe2 Qc1+ 22. Qe1 Qxb2 23. Nd2 Qxc3 24. Rc1 Qd3+ 25. Qe2 Qd6 26. g3 Qd5
27. f3 Qxa2 28. Nc4 Qxe2+ 29. Kxe2 Re8+ 30. Kd3 Re6 31. f4 g6 32. Ne5 g5 33.
Kc4 Rd6 34. fxg5 hxg5 35. Kb5 Kg7 36. Nc4 Re6 37. Na5 Re2 38. Nc4 Re6 39. Na5
Kg6 40. Nb3 Re5 41. g4 Re4 42. Nxc5 Rxg4 43. Nd7 Rg2 44. Nxb6 axb6 45. h3 Rb2+
46. Kc6 Rb3 47. Rh1 f5 48. Kd5 b5 49. Ke5 Re3+ 50. Kd5 b4 51. Kd4 Rg3 52. Rh2
b3 53. Ke5 Rc3 54. h4 Re3+ 55. Kd5 g4 56. h5+ Kh6 57. Kc4 Rh3 58. Rf2 Rf3 59.
Rh2 g3 60. Rh1 b2 61. Rb1 Rf2 62. Kd3 Kxh5 63. Ke3 f4+ 64. Ke4 Kg4 65. Rd1 g2
66. Rg1 Re2+ 67. Kd3 f3 68. Kc3 Kg3 69. Rb1 f2 70. Rxb2 Rxb2 71. Kxb2 f1=Q 72.
Kc3 g1=Q 0-1

[Event "II Open Oro Caffe'"]
[Site "Udine ITA"]
[Date "2009.07.07"]
[Round "2"]
[White "Tassinari, Luca"]
[Black "Tonon, Alessandro"]
[Result "1/2-1/2"]
[WhiteElo "1838"]
[BlackElo "2248"]
[PlyCount "121"]
[EventDate "2009.07.06"]

1. e4 c5 2. Nf3 e6 3. d4 cxd4 4. Nxd4 Nc6 5. Be3 Nf6 6. Nc3 Qc7 7. Ndb5 Qb8 8.
f4 d6 9. g4 Be7 10. g5 Nd7 11. a4 a6 12. Na3 Qc7 13. Nc4 b6 14. Qd2 Na5 15. Na3
O-O 16. h4 Bb7 17. Bd3 Rac8 18. h5 f5 19. Rg1 Nc5 20. exf5 Nxd3+ 21. Qxd3 Rxf5
22. h6 g6 23. Qd4 e5 24. fxe5 Rxe5 25. O-O-O Qc5 26. Qxc5 bxc5 27. Bf4 Rf5 28.
Rde1 Kf7 29. Rgf1 Re8 30. Bd2 Bxg5 31. Bxg5 Rxe1+ 32. Rxe1 Rxg5 33. Ne4 Bxe4
34. Rxe4 Rf5 35. b4 d5 36. Rg4 cxb4 37. Rxb4 g5 38. Kd2 Kg6 39. Ke3 Rf6 40. Rd4
Re6+ 41. Kf3 Re5 42. Rb4 Re6 43. Rd4 Re5 44. Rb4 Nc6 45. Rb6 Re6 46. Kg3 Nd4
47. Rb4 Nf5+ 48. Kf2 Kxh6 49. a5 Kg6 50. Rb6 Kf6 51. Nb5 Ke5 52. Rxe6+ Kxe6 53.
Nc7+ Kd7 54. Nxa6 Kc6 55. Nb4+ Kb5 56. a6 Kb6 57. Nxd5+ Kxa6 58. Nf6 h6 59. Kf3
Kb5 60. Kg4 Ng7 61. Ng8 1/2-1/2

[Event "II Open Oro Caffe'"]
[Site "Udine ITA"]
[Date "2009.07.07"]
[Round "2"]
[White "Visintin, Roberto"]
[Black "Tiengo, Davide"]
[Result "1-0"]
[WhiteElo "2033"]
[BlackElo "2118"]
[PlyCount "59"]
[EventDate "2009.07.06"]

1. Nf3 Nf6 2. d4 g6 3. Bf4 Bg7 4. e3 O-O 5. h3 d6 6. Nbd2 Nbd7 7. Be2 c5 8. c3
b6 9. O-O Bb7 10. a4 Ne4 11. Nxe4 Bxe4 12. Nd2 Bb7 13. Bf3 Bxf3 14. Qxf3 cxd4
15. exd4 e5 16. dxe5 dxe5 17. Be3 Qc7 18. Qd5 Nf6 19. Qb5 Rfd8 20. c4 Rac8 21.
b3 Nh5 22. a5 bxa5 23. Qxa5 Qc6 24. Ra2 Rd3 25. Rc2 Rcd8 26. Qxa7 Nf4 27. Bxf4
exf4 28. Qa5 Qd7 29. Ne4 Rxb3 30. Nc5 1-0